000
00289nam a22001337a 4500
008
180208b xxu||||| |||| 00| 0 eng d
020
_a
9781582551685
041
_a
eng
080
_2
2 ED
_a
616
100
_a
9
101
_a
PAT
245
_a
PATHOPHYSIOLOGY
_c
SCOOTT.P
942
_2
udc
_c
BK
999
_c
42121
_d
42121